| 000 | 00694nam a22001937a 4500 | ||
|---|---|---|---|
| 005 | 20120119111458.0 | ||
| 020 |
_a9788124312919 _c55.00 |
||
| 082 | _aS | ||
| 100 |
_aJoshi, Yogesh _939592 |
||
| 245 |
_aVikram and the vampire 2 / _cby Yogesh Joshi; illustrated by Siddhartha Mukherjee |
||
| 260 |
_aMumbai _bNavneet Publications, _c200? |
||
| 270 |
_aBhavani Shankar Road, Dadar _bMumbai _e400028 |
||
| 300 |
_a40p _bill (col) _c24 cm (Pbk) |
||
| 490 |
_aClassic literature for children _v2 _939593 |
||
| 500 | _aset of 5 books | ||
| 700 |
_aMukherjee, Siddhartha _939552 |
||
| 942 |
_2ddc _cCH _hS _mJOS |
||
| 999 |
_c61160 _d61160 |
||